Football players who have played for Chelsea and Juventus - Statistics

General Stats
  • This quiz has been taken 1,181 times
    55 since last reset
  • The average score is 4 of 12
Answer Stats
Years at Chelsea Years at Juventus Player % Correct
2017-2019 2014-2016,2020-2022 (loan) Alvaro Morata
73%
2019 (loan) 2016-2020 Gonzalo Higuain
56%
2015-2017 2015-2016 (loan),2016-2017 (loan),2017-2023 Juan Cuadrado
50%
1996-1999 1992-1996 Gianluca Vialli
48%
2008-2012 2013 (loan) Nicolas Anelka
48%
2022-2023 (loan) 2022-2023 Denis Zakaria
37%
2024-2025 2025 (loan) Renato Veiga
31%
1999-2000 1994-1999 Didier Deschamps
23%
2015-2018 2026-present (loan) Jeremie Boga
15%
2004-2005 2007-2011 Tiago Mendes
15%
2003-2004 2005-2006 Adrian Mutu
13%
1998-2000 1989-1993 Pierluigi Casiraghi
10%
No matching quizzes found
Score Distribution
Percent of People with Each Score
Percentile by Number Answered
Your Score History
You have not taken this quiz since the last reset